An introduction to the theory of macro-economic policy / (Record no. 42574)
[ view plain ]
| 000 -LEADER | |
|---|---|
| fixed length control field | 00755nam a2200241 a 4500 |
| 001 - CONTROL NUMBER | |
| control field | 42574 |
| 003 - CONTROL NUMBER IDENTIFIER | |
| rucl marc code | BD-RjUL |
| 005 - DATE AND TIME OF LATEST TRANSACTION | |
| control field | 20211209053548.0 |
| 008 - FIXED-LENGTH DATA ELEMENTS--GENERAL INFORMATION | |
| fixed length control field | 160614s1971 enka b 001 0 eng |
| 035 ## - SYSTEM CONTROL NUMBER | |
| System control number | (BD-RjUL)42692 |
| 040 ## - CATALOGING SOURCE | |
| Original cataloging agency | DLC |
| Transcribing agency | DLC |
| Modifying agency | DLC |
| -- | BD-RjUL |
| Language of cataloging | eng |
| 041 ## - LANGUAGE CODE | |
| Language code of text/sound track or separate title | eng |
| 082 00 - DEWEY DECIMAL CLASSIFICATION NUMBER | |
| Classification number | 339 |
| Edition number | 23 |
| Author mark and year | SHI 1971 |
| 100 1# - MAIN ENTRY--PERSONAL NAME | |
| Personal name | Shaw, G. K. |
| Fuller form of name | (Graham Keith), |
| Dates associated with a name | 1938- |
| 9 (RLIN) | 130891 |
| 245 13 - TITLE STATEMENT | |
| Title | An introduction to the theory of macro-economic policy / |
| Statement of responsibility, etc. | [by] G. K. Shaw. |
| 260 ## - PUBLICATION, DISTRIBUTION, ETC. (IMPRINT) | |
| Place of publication, distribution, etc. | London |
| Name of publisher, distributor, etc. | (17 Quick St., N1 8HL), Martin Robertson and Company Ltd., |
| Date of publication, distribution, etc. | 1971. |
| 300 ## - PHYSICAL DESCRIPTION | |
| Pagination | xi, 164 p. : |
| Illustrations | ill ; |
| Size | 23 cm. |
| 500 ## - GENERAL NOTE | |
| General note | Index |
| 504 ## - BIBLIOGRAPHY, ETC. NOTE | |
| Bibliography, etc | Bibliography: p. [160] |
| 650 #0 - SUBJECT ADDED ENTRY--TOPICAL TERM | |
| Topical term or geographic name as entry element | Economic policy. |
| 9 (RLIN) | 130892 |
| Topical term or geographic name as entry element | Macroeconomics. |
| 9 (RLIN) | 118064 |
| 942 ## - ADDED ENTRY ELEMENTS (KOHA) | |
| Source of classification or shelving scheme | Dewey Decimal Classification |
| Koha item type | Books |
| Lost status | Source of classification or shelving scheme | Damaged status | Not for loan | Collection code | Permanent Location | Current Location | Shelving location | Date acquired | Source of acquisition | Cost, normal purchase price | Total Checkouts | Full call number | Date last seen | Copy number | Koha item type |
|---|---|---|---|---|---|---|---|---|---|---|---|---|---|---|---|
| Dewey Decimal Classification | Non-fiction | Central Library, University of Rajshahi | Central Library, University of Rajshahi | 04/08/1973 | Paramount Book Corp. | 35.00 | 339 SHI 1971 | 14/06/2016 | C-2 | Books | |||||
| Dewey Decimal Classification | Non-fiction | Central Library, University of Rajshahi | Central Library, University of Rajshahi | 04/08/1973 | Paramount Book Corp. | 35.00 | 339 SHI 1971 | 14/06/2016 | C-3 | Books |